| 000 | 01174cam a2200325 4500 | ||
|---|---|---|---|
| 001 | WS115372 | ||
| 008 | 011029n 000 0 eng u | ||
| 035 | _a(Sirsi) u115372 | ||
| 110 |
_aInternational Development Research Centre _94166 |
||
| 245 | _aInternational Development Research Centre | ||
| 520 | _aWeb site for this public corporation created by the Canadian government to help communities in the developing world find solutions to social, economic and environmental problems trough research. Includes the Nayudamma Information Bank which gives access to information on and access to technologies. | ||
| 650 | _aAGRICULTURE | ||
| 650 | _aECONOMICS | ||
| 650 |
_aENERGY _96237 |
||
| 650 | _aCANADA | ||
| 650 | _aINTERNATIONAL | ||
| 650 | _aDEVELOPING COUNTRIES | ||
| 650 |
_aManagement consultancy _96255 |
||
| 650 |
_aEnvironment _96238 |
||
| 650 | _aFORESTRY | ||
| 650 | _aHEALTH | ||
| 650 | _aAFRICA | ||
| 650 | _aASIA | ||
| 650 | _aLATIN AMERICA | ||
| 650 | _aENVIRONMENTAL MANAGEMENT | ||
| 650 | _aRESEARCH | ||
| 690 | _aECONOMIC ISSUES | ||
| 856 | 4 | 0 |
_uhttps://www.idrc.ca _zView the website free of charge at www.idrc.ca... |
| 942 | _n0 | ||
| 999 |
_c119944 _d119944 |
||